02305nam a2200361 a 450000100060000000300080000600500170001400800410003102000420007202000220011402000380013602000220017403500190019603500260021504000230024104100080026408200240027210000190029624501530031526000420046830000280051050000660053850000440060450510460064865000190169465000210171365000280173465000170176270000320177970000280181170000210183985600830186059658BD-RjUL20211209080745.0161226s2007 enk 001 0 eng  a9781845680701 (hardback : alk. paper) a1845680707 (hbk.) a9781859418154 (pbk. : alk. paper) a1859418155 (pbk.) a(BD-RjUL)59782 a(UkLCURL)982007005432 aDLCcDLCdDLCbeng aeng00a340.1223bVEJ 2007 aVeitch, Scott 10aJurisprudence :bthemes and concepts /cScott Veitch, Emilios Christodoulidis and Lindsay Farmer ; with contribs. from: Gavin Anderson ... [et al.]. aLondon :bRoutledge-Cavendish,c2007. axviii, 278 p. ;c24 cm. aIncludes bibliographical references (p. [263]-272) and index. aIncludes tutorials at end of each part.0 aIntroduction to the relationship between law and politics -- Sovereignty -- The rule of law -- The "inner morality of law" -- Rights -- Legalism and legality -- Citizenship : competing conceptions -- Law, politics, and globalisation -- Problems of the rule of law in political transitions -- The rule of law and the state of emergency -- Introduction to legal reasoning -- Legal formalism, legal realism, and the open texture of law -- Theories of legal reasoning -- Justice, natural law, and the limits of rule following -- Equality, difference, and domination : feminist critiques of adjudication -- Trials, facts, and narratives -- Understanding discrimination -- Judging in an unjust society -- Law in modern society and legal modernity -- Formal legal rationality and legal modernity -- Dilemmas of modern law -- After modernity? Law and globalisation -- Legal pluralism -- Juridification -- Law, ideology and legitimation : the Marxist critique -- Displacing the juridical : Foucault on power and discipline -- Law in the risk society. 0aJurisprudence. 0aLawxPhilosophy. 0aLawxPolitical aspects. 0aRule of law.1 aChristodoulidis, Emilios A.1 aFarmer, Lindsay,d1963-1 aAnderson, Gavin.413Table of contents onlyuhttp://www.loc.gov/catdir/toc/ecip0710/2007005432.html